Ensayo de una biblioteca española de los mejores escritores del reinado de Carlos III / (Record n. 24618)

Dettagli MARC
000 -LEADER
fixed length control field 01011nam a2200253 i 4500
003 - CONTROL NUMBER IDENTIFIER
control field IT-RoINE
005 - DATE AND TIME OF LATEST TRANSACTION
control field 20190610045903.0
008 - FIXED-LENGTH DATA ELEMENTS--GENERAL INFORMATION
fixed length control field 980312r19691785sp |r 000|||spa|d
040 ## - CATALOGING SOURCE
Original cataloging agency USA.BG
Modifying agency UPSA
-- IT-RoINE
Transcribing agency esslup IT-RoINE
100 1# - MAIN ENTRY--PERSONAL NAME
9 (RLIN) 23693
Personal name Sempere y Guarinos, Juan,
Dates associated with a name 1754-1830
245 10 - TITLE STATEMENT
Title Ensayo de una biblioteca española de los mejores escritores del reinado de Carlos III /
Statement of responsibility, etc Juan Sempere y Guarinos.
250 ## - EDITION STATEMENT
Edition statement Edición facsímil
260 ## - PUBLICATION, DISTRIBUTION, ETC. (IMPRINT)
Place of publication, distribution, etc Madrid :
Name of publisher, distributor, etc Gredos,
Date of publication, distribution, etc 1969.
300 ## - PHYSICAL DESCRIPTION
Extent 3 v. ;
Dimensions 18 cm.
336 ## - CONTENT TYPE
Source rdacontent
Content type term text
337 ## - MEDIA TYPE
Source rdamedia
Media type term unmediated
338 ## - CARRIER TYPE
Source rdacarrier
Carrier type term volume
490 1# - SERIES STATEMENT
Series statement Biblioteca románica hispánica.
-- IX,
-- Facsímiles
505 0# - FORMATTED CONTENTS NOTE
Formatted contents note [V.1.] t.1.-t.2. -- [V. 2.] t.3.-t.4. -- [V.3.] t.5.-t.6.
534 ## - ORIGINAL VERSION NOTE
Main entry of original Reprod. facs. de la ed. de: Madrid : Imprenta Real, 1785-1789.
650 #4 - SUBJECT ADDED ENTRY--TOPICAL TERM
Topical term or geographic name as entry element Escritores españoles
Chronological subdivision Siglo 18o.
Form subdivision Bibliografía
9 (RLIN) 47974
830 #0 - SERIES ADDED ENTRY--UNIFORM TITLE
9 (RLIN) 31655
Uniform title Biblioteca románica hispánica.
Number of part/section of a work IX,
Name of part/section of a work Facsímiles
942 ## - ADDED ENTRY ELEMENTS (KOHA)
Item type Monografías
Dati di copia
Withdrawn status Lost status Damaged status Not for loan Home library Current library Date acquired Total Checkouts Full call number Barcode Date last seen Price effective from Koha item type Public note
        Iglesia Nacional Española en Roma Iglesia Nacional Española en Roma 10/05/2018   BIBG 58.1 49906 10/05/2018 10/05/2018 Monografías T. 1-2
        Iglesia Nacional Española en Roma Iglesia Nacional Española en Roma 10/05/2018   BIBG 58.2 49907 10/05/2018 10/05/2018 Monografías T. 3-4
        Iglesia Nacional Española en Roma Iglesia Nacional Española en Roma 10/05/2018   BIBG 58.3 49908 10/05/2018 10/05/2018 Monografías T. 5-6